| 000 | 00740nam a2200289Ia 4500 | ||
|---|---|---|---|
| 005 | 20260324133225.0 | ||
| 008 | 008 260324s9999 xx 000 0 eng d | ||
| 020 | _a9780203764572 | ||
| 037 | _aEBOOK | ||
| 040 | _aCRL | ||
| 040 | _beng | ||
| 040 | _cCRL | ||
| 041 | _2eng | ||
| 041 | _aeng | ||
| 084 | _qCRL | ||
| 100 |
_aBrandon Bennett; Matteo Cristani _91192261 |
||
| 245 | 0 | _aSpatial Vagueness, Uncertainty, Granularity | |
| 245 | 2 | _bA Special Double Issue of spatial Cognition and Computation | |
| 260 | _bTaylor and Francis | ||
| 260 | _c2003 | ||
| 365 | _a | ||
| 365 | _b300 | ||
| 856 | _uhttp://www.taylorfrancis.com/books/9780203764572 | ||
| 942 | _cEBOOK | ||
| 999 |
_c1791125 _d1791125 |
||